000 00552 a2200169 4500
999 _c110
_d110
020 _a9781844807031
050 _aHF5657.4 DRU 2004
100 _aDrury, Colin
_eauthor
245 _aManagement and cost accounting /
_cColin Drury
264 _aLondon :
_bThomson Learning,
_c2004
300 _axxxii, 1280p.
500 _aPrevious ed.: 2000. Includes bibliography and index.
650 _aManagerial accounting.
650 _aCost accounting.
650 _aManagerial accounting
_xProblems, exercises, etc.
942 _2lcc
_cBK
_e6th ed.
_h5657.4
_iDRU
_kHF